01029 2200193 4500001002100000005001500021035002000036245005200056100001900108250001700127300002800144260003100172082001200203084001800215020002200233650001700255520053000272500003300802INLIS00000000000004420240320085926 a0010-03240000441 aIbnu Majid, Sang Singa Lautan /cTethy Ezokanzo0 aTethy Ezokanzo acetakan ke-1 a36 hlm :bilus ;c19 cm aSolo :bTiga Ananda,c2019 a297.092 a297.092 TET i a978-623-206-084-5 4aReligi Islam aTahukah kamu bahwa umat Islam juga punya penjelajah-penjelajah yang hebat? Salah satunya adalah Ibnu Majid. Ibnu Majid merupakan seorang pelaut dan navigator ulung. Bahkan, dunia maritim Islam dan barat menjulukinya sebagai Singa Laut. Ia juga dikenal sebagai ahli dalam membuat kompas. Ibnu Majid mempunyai nama lengkap Shihab al-Din Ahmad bin majid bin Amr' al-Duwaik bin Yusuf bin Hasanbin Abi Husain bin Ma'lak as-Sa'adi bin Abi al-Raka'ib al-Nadji. Ingin tahu negara mana sajakah yang pernah ia jelajahi? Cari tahu, yuk! aSeri Muslim Penjelajah Dunia